header

The myth of ownership (Record no. 50534)

MARC details
000 -LEADER
fixed length control field 01300nam a22003254a 4500
082 04 - DEWEY DECIMAL CLASSIFICATION NUMBER
Classification number 336.2/00973
100 1# - MAIN ENTRY--AUTHOR NAME
Personal name Murphy, Liam B.,
245 14 - TITLE STATEMENT
Title The myth of ownership
260 ## - PUBLICATION, DISTRIBUTION, ETC. (IMPRINT)
Place of publication Oxford ;
-- New York :
Name of publisher Oxford University Press,
Year of publication 2002.
300 ## - PHYSICAL DESCRIPTION
Number of Pages ix, 228 p.
650 #0 - SUBJECT ADDED ENTRY--TOPICAL TERM
Topical Term Tax incidence
Topical Term Taxation
Topical Term Distributive justice
700 1# - ADDED ENTRY--PERSONAL NAME
Personal name Nagel, Thomas,
856 40 - ELECTRONIC LOCATION AND ACCESS
Uniform Resource Identifier http://site.ebrary.com/lib/rucke/Doc?id=10085250

No items available.

© 2026 Rongo University
Contact us: librarian | system librarian | Rongo university